Visualizzazione normale
Vista MARC
- Morgia F.
di Personal Name
Records bibliografici associati: 1
001 - CONTROL NUMBER
- control field: 22295
003 - CONTROL NUMBER IDENTIFIER
- control field: IT-RoPau
005 - DATE AND TIME OF LATEST TRANSACTION
- control field: 20140427111458.0
008 - FIXED-LENGTH DATA ELEMENTS
- fixed length control field: 140427|| aca||aabn | a|a d
040 ## - CATALOGING SOURCE
- Original cataloging agency: IT-RoPau
- Transcribing agency: IT-RoPau
100 ## - HEADING--PERSONAL NAME
- Personal name: Morgia F.
- Dates associated with a name: Codice autore musica SPICS: 18830
- Relator term: Autore musica
- Name of part/section of a work: Aria e musica
670 ## - SOURCE DATA FOUND
- Source citation: Work cat.: (IT-RoPau)99477: AA.VV. 794, Sanremo 1987